Statistics for Lowest Palindromic Square Numbers

Click here to take the quiz!

General Stats

  • This quiz has been taken 20 times
  • The average score is 5 of 12

Answer Stats

Answer% Correct
0
100%
1
100%
4
100%
9
100%
121
89%
484
28%
676
6%
10201
6%
12321
0%
14641
0%
40804
0%
44944
0%

Score Distribution

Percentile by Number Answered

Percent of People with Each Score

Your Score History

You have not taken this quiz